000 01802nam a22002657a 4500
999 _c21880
_d21880
003 AR-CdUCM
008 190425b ||||| |||| 00| 0 spa d
040 _aMUNICIPALIDAD PROVINCIAL DEL CUSCO
_cBIBLIOTECA MUNICIPAL DEL CUSCO
082 _aRev.AHC/N°9/1958
110 _aArchivo Regional del Cusco
_946600
245 _aRevista del Archivo Histórico del Cuzco /
_cUniversidad Nacional del Cuzco
260 _aCusco :
_bH.G. rozas,
_c1958.
300 _a462 páginas. :
_c21 cm.
440 _aRevista del Archivo Histórico.
_nAño IX, 1958, N°9.
_946622
505 _aContenido: Libros de Cabildos del Cuzco devueltos por el Ministerio de Relaciones Exteriores. -- Los caciques Alpaca Huáscar. -- Local para cárcel y cabildo del Cuzco. -- Actas de los Libros de Cabildos del Cuzco año 1545 a 1548. -- Monografías sobre problemas sociales del Perú, relación de 693 monografías ingresadas al Archivo Histórico, con indicación de autores y temas. -- Arte Cuzqueño VI, Jorge Cornejo Bouroncle. -- Homenaje a los próceres de la revolución de 1814. -- Festividad de Nuestra Señora de Nieva. -- Repartición de tierras en 1658. -- De la revolución de 1814 expediente de calificación de la conducta y operaciones de Mariano Becerra. -- De los primeros años de la Republica, nueve documentos varios. -- Alarifes, agrimensores y arquitectos. -- Información dada sobre el estado de los archivos del Cusco. -- Transacción y desistimiento año 1845.
650 _aDocumentos históricos
_91122
650 _aPatrimonio documental
_944090
650 _aHistoria del Cusco
_91714
650 _aLevantamientos andinos
_944095
650 _aArte cusqueño
_913165
650 _aArtistas cusqueños
_946623
700 _aCornejo Bouroncle, Jorge
_915278
942 _2ddc
_cPP
945 _arac